LEADER 01049nam0-2200301 --450 001 9910268257003321 005 20180517111715.0 010 $a978-88-917-6219-1 100 $a20180517d2017----kmuy0itay5050 ba 101 0 $aita 102 $aIT 105 $a 001yy 200 1 $a<>Mediterraneo delle Costituzioni$edalla Repubblica delle Sette Isole Unite agli Stati Uniti delle Isole Ionie$e1800-1817$fRosa Maria Delli Quadri$gpresentazione di Lucien Bély 210 $aMilano$cFrancoAngeli$d2017 215 $a219 p.$d23 cm 225 1 $aStoria$v457 300 $aIn copertina: Bandiera degli Stati Uniti delle Isole Ionie, disegnata a mano, in TNA, CO 136/6 610 0 $aIonie $a1800-1817 676 $a900$v23$zita 700 1$aDelli Quadri,$bRosa Maria$0445659 702 1$aBély,$bLucien 801 0$aIT$bUNINA$gREICAT$2UNIMARC 901 $aBK 912 $a9910268257003321 952 $aCOLLEZ. 698 (457)$b394/2018$fFSPBC 959 $aFSPBC 996 $aMediterraneo delle Costituzioni$91505221 997 $aUNINA LEADER 00965nam0-2200313 --450 001 9910323058003321 005 20190603160935.0 010 $a88-400-1000-9 020 $aIT$b2007-4432 100 $a20190603d2006----kmuy0itay5050 ba 101 0 $aita 102 $aIT 105 $aa 001yy 200 1 $a<>maschera, il corpo e l'anima$esaggio sulla poesia di Thom Gunn$fStefania Michelucci 210 $aMilano$cUNICOPLI$d2006 215 $a318 p.$cill.$d21 cm 225 1 $aBiblioteca di anglistica$v12 300 $aIn appendice: Cole street, San Francisco: a conversation with Thom Gunn. 610 0 $aGunn, Thom 676 $a821.914$v21 700 1$aMichelucci,$bStefania$0555407 702 1$aGunn,$bThom$f<1929-2004> 801 0$aIT$bUNINA$gREICAT$2UNIMARC 901 $aBK 912 $a9910323058003321 952 $a821.914 MIC 1$bBibl.2019$fFLFBC 959 $aFLFBC 996 $aMaschera, il corpo e l'anima$91246919 997 $aUNINA LEADER 02548nam 2200637 a 450 001 9910462256803321 005 20211105002817.0 010 $a3-11-134063-5 024 7 $a10.1515/9783111340630 035 $a(CKB)2670000000249251 035 $a(EBL)938208 035 $a(OCoLC)850191866 035 $a(SSID)ssj0000559757 035 $a(PQKBManifestationID)12197082 035 $a(PQKBTitleCode)TC0000559757 035 $a(PQKBWorkID)10567555 035 $a(PQKB)11645042 035 $a(MiAaPQ)EBC938208 035 $a(DE-B1597)60725 035 $a(OCoLC)979767225 035 $a(DE-B1597)9783111340630 035 $a(Au-PeEL)EBL938208 035 $a(CaPaEBR)ebr10590696 035 $a(EXLCZ)992670000000249251 100 $a19860505d1985 uy 0 101 0 $aeng 135 $aur||#|||||||| 181 $ctxt$2rdacontent 182 $cc$2rdamedia 183 $acr$2rdacarrier 200 10$aForgotten but important lexicographers$b[electronic resource] $eJohn Wilkins and William Lloyd : a modern approach to lexicograpy before Johnson /$fFredric Dolezal 205 $aReprint 2011 210 $aTu?bingen $cMax Niemeyer Verlag$d1985 215 $a1 online resource (132 p.) 225 0 $aLexicographica. Series maior,$x0175-9264 ;$v4 225 0 $aLexicographica. Series Maior ;$v4 300 $aDescription based upon print version of record. 311 0 $a3-484-30904-0 320 $aIncludes bibliographical references. 327 $tFront matter --$tINTRODUCTION --$tCHAPTER ONE: AN OVERVIEW AND SELECT ANALYSES OF THE ESSAY --$tCHAPTER TWO: LEXICOGRAPHICAL GENEALOGY --$tCHAPTER THREE: THE CONSTRUCTION OF ENTRIES --$tCHAPTER FOUR: A SYSTEMATIC METHOD OF DEFINITION: COMPARISONS WITH JOHNSON'S DICTIONARY --$tAPPENDIX I --$tLITERATURE 330 $aForgotten But Important Lexicographers: John Wilkins and William Lloyd: A Modern Approach to Lexicography Before Johnson (Lexicographica. Series Maior) 410 0$aLexicographica.$pSeries maior. 606 $aEnglish language$xLexicography$xHistory$y17th century 606 $aEnglish language$yEarly modern, 1500-1700$xLexicography 608 $aElectronic books. 615 0$aEnglish language$xLexicography$xHistory 615 0$aEnglish language$xLexicography. 676 $a423/.028 700 $aDolezal$b Fredric$0853744 801 0$bMiAaPQ 801 1$bMiAaPQ 801 2$bMiAaPQ 906 $aBOOK 912 $a9910462256803321 996 $aForgotten but important lexicographers$91906308 997 $aUNINA